000 06132cam a2200481 i 4500
001 data
005 20260322212106.0
008 data
035 _a18390399
906 _a7
_bcbc
_ccopycat
_d2
_eepcn
_f20
_gy-gencatlg
925 0 _aacquire
_b1 shelf copy
_xpolicy default
010 _a 2014958053
015 _aGBB4E3318
_2bnb
016 7 _a016972644
_2Uk
020 _a9780198723202
_q(hardback)
020 _a0198723202
_q(hardback)
035 _a(OCoLC)907639211
040 _aNLGGC
_beng
_cNLGGC
_erda
_dDLC
_dBTCTA
_dYDXCP
_dBDX
_dUKMGB
_dNLE
_dCDX
_dOCLCF
_dBUF
_dOCLCQ
_dGZL
_dLTSCA
_dDLC
042 _alccopycat
050 0 0 _aK840
_b.C656 2015
082 0 4 _a346.022
_223
245 0 0 _aContract governance :
_bdimensions in law and interdisciplinary research /
_cedited by Stefan Grundmann, Florian Möslein, Karl Riesenhuber.
250 _aFirst edition
264 1 _aNew York :
_aNew York :
_bOxford University Press,
_c2015.
264 4 _c©2015
300 _axiii, 473 pages ;
_c24 cm
336 _atext
_btxt
_2rdacontent
337 _aunmediated
_bn
_2rdamedia
338 _avolume
_bnc
_2rdacarrier
504 _aIncludes bibliographical references and index.
505 0 _aPart I. The overall architecture of contract governance. Contract governance : dimensions in law and interdisciplinary research / Stefan Grundmann, Karl Riesenhuber, and Florian Möslein -- Part II. Third party impact and contract governance problems in herd behaviour. The concept of herd behaviour : its psychological and neural underpinnings / Tatsuya Kameda, Keigo Inukai, Thomas Wisdom, and Wataru Toyokawa ; Law, economics and more : the genius of contract governance / Peer Zumbansen ; Moral hazard and herd behaviour in the financial crisis / Bruno S. Frey and Reto Cueni ; Whistle blowing in the stampede? / Gunther Teubner ; Herd behaviour and third party impact as a legal concept : on tulips, pyramid games and asset-backed securities / Hans-W. Micklitz ; Summary of the discussions in Part II / Isabelle Wildhaber -- Part III. Governance of networks of contracts. Contract, uncertainty, and innovation / Ronald J. Gilson, Charles F. Sabel, and Robert E. Scott ; Getting is just right / Gerard Hertig ; Contractual networks in a socio-economic perspective : the case of the European financial crisis (2009-2010) / Richard Swedberg ; Networks in socio-economic perspective : a proposal for financial regulatory reform / Marc Amstutz ; Governance mechanism in long-term contracts / Michael Klausner ; Summary of the discussions in Part III / Florent Thouvenin -- Part IV. Governance in long-term contractual relationships. Fairness and reciprocity in contract governance / Stefan Magen ; The governance of contract relations : a case for fairness? / Gralf-Peter Calliess ; Class actions, compliance, and moral cost / Bruno Deffains and Dominique Demougin ; Intrinsic and extrinsic motivations to comply with legal rules / Fernando Gomez and Mireia Artigot i Golobardes ; Legal supervision of commercial opportunism / Clayton Gillette ; Commercial opportunism from an incentive perspective / Urs Schweizer ; Summary of the discussions in Part IV / Stefan Wichary -- Part V. Contract governance and rule setting. Private regulation and industrial organisation : contractual governance and the network approach / Fabrizio Cafaggi and Paola Iamiceli ; Private regulations and networks in transnational supply chains / Wolfgang Kerber ; Flipping wreck : lex mercatoria on the shoals of ius cogens / Hugh Collins ; Lex mercatoria, the ISDA master agreement, and ius cogens / Horst Eidenmuller ; Innovation and the role of public-private collaboration in contract governance / Katharina Pistor ; The Vienna initiative : a new mode of governance? / Gunnar Folke Schuppert ; Summary of the discussions in Part V / Susanne Augenhofer -- Part VI. Contract governance and political dimensions. Regulating sovereign bond contracts in Europe / Kern Alexander ; Contract governance, disclosure, and rule-setting between the market and the law : a view from commercial and company law / Klaus J. Hopt.
520 _a"This book introduces and develops Contract Governance as a new approach to contract theory. While the concept of governance has already been developed in Williamson's seminal article, it has, ironically, not received much attention in general contract law theory. Indeed, Contract Governance appears to be an important and necessary complement to corporate governance and in fact, as the second, equally important pillar of governance research in the core of private law. With this in mind, Grundmann, Moslein, and Riesenhuber provide a novel approach in setting an international and interdisciplinary research agenda for developing contract law scholarship. Contract Governance focuses particularly on the ways in which a governance perspective leads to research questions that have been neglected in traditional contract law scholarship, and how, from a governance perspective, the questions are dealt with in a different manner and style. Combining substantive chapters and commentaries, this collection of essays addresses an array of topics, including: third party impact and contract governance problems in herd behavior; governance of networks of contracts; governance in long-term contractual relationships; contract governance and rule setting; and contract governance and political dimensions."--Publisher description.
650 0 _aContracts.
650 7 _aContracts.
_2fast
_0(OCoLC)fst00876969
700 1 _aGrundmann, Stefan,
_d1958-
_eeditor.
700 1 _aMöslein, Florian,
_eeditor.
700 1 _aRiesenhuber, Karl,
_eeditor.
856 4 2 _3Contributor biographical information
_uhttp://www.loc.gov/catdir/enhancements/fy1604/2014958053-b.html
856 4 2 _3Publisher description
_uhttp://www.loc.gov/catdir/enhancements/fy1604/2014958053-d.html
856 4 1 _3Table of contents only
_uhttp://www.loc.gov/catdir/enhancements/fy1604/2014958053-t.html
985 _cBibFramePilot
_e20151207
999 _c1566
_d1566